Best Practice (Record no. 24092)

MARC details
000 -LEADER
fixed length control field 00821nam a22002537a 4500
003 - CONTROL NUMBER IDENTIFIER
control field OSt
005 - DATE AND TIME OF LATEST TRANSACTION
control field 20260612112133.0
008 - FIXED-LENGTH DATA ELEMENTS--GENERAL INFORMATION
fixed length control field 260612b |||||||| |||| 00| 0 eng d
020 ## - INTERNATIONAL STANDARD BOOK NUMBER
International Standard Book Number 0325000913
040 ## - CATALOGING SOURCE
Transcribing agency Chuka University Library
050 ## - LIBRARY OF CONGRESS CALL NUMBER
Classification number LB 1025.3
Item number .Z3 1998
100 ## - MAIN ENTRY--PERSONAL NAME
Personal name Zemelman Steven
9 (RLIN) 28794
245 ## - TITLE STATEMENT
Title Best Practice
Remainder of title New Standards for Teaching and Learning in American Schools
250 ## - EDITION STATEMENT
Edition statement 2nd ed.
260 ## - PUBLICATION, DISTRIBUTION, ETC.
Place of publication, distribution, etc. Portsmouth , NH
Name of publisher, distributor, etc. Heinemann
Date of publication, distribution, etc. 1998
300 ## - PHYSICAL DESCRIPTION
Extent xviii 308 pages
650 ## - SUBJECT ADDED ENTRY--TOPICAL TERM
Topical term or geographic name entry element Teaching-United States
9 (RLIN) 28742
650 ## - SUBJECT ADDED ENTRY--TOPICAL TERM
Topical term or geographic name entry element Direct Instruction- United States- Case Studies
9 (RLIN) 28795
650 ## - SUBJECT ADDED ENTRY--TOPICAL TERM
Topical term or geographic name entry element Teaching- Standards-United States
9 (RLIN) 28796
650 ## - SUBJECT ADDED ENTRY--TOPICAL TERM
Topical term or geographic name entry element Education-Curricula- Standards
9 (RLIN) 28797
700 ## - ADDED ENTRY--PERSONAL NAME
Personal name Daniels Harvey
9 (RLIN) 28798
700 ## - ADDED ENTRY--PERSONAL NAME
Personal name Hyde Arthur
9 (RLIN) 28799
942 ## - ADDED ENTRY ELEMENTS (KOHA)
Source of classification or shelving scheme Library of Congress Classification
Koha item type Long Loan Books
Suppress in OPAC No
Holdings
Withdrawn status Lost status Source of classification or shelving scheme Damaged status Not for loan Collection Home library Current library Shelving location Date acquired Source of acquisition Cost, normal purchase price Total Checkouts Full call number Barcode Date last seen Price effective from Koha item type
    Library of Congress Classification     General Collection Books Main Campus Library Main Campus Library General Stacks 12/06/2026 Donation from Books for Africa 903.00   LB 1025.3 .Z3 1998 34163/2026 12/06/2026 12/06/2026 Long Loan Books

Powered by Koha